000 00463nam a2200157Ia 4500
003 GCL
008 140319s9999 xx 000 0 ara d
040 _aGCL /
_cGCL
082 0 4 _aط
_b813.087
_bا م
100 1 _aابراهيم خالد
245 1 0 _aملك الغابة..وذكاء الانسان /
_cابراهيم خالد
490 _aمائة حكاية وحكاية
_v0
650 0 4 _aالاطفال
650 0 4 _aقصص الاطفال
942 _2ddc
_cBK
999 _c46493
_d46493